Pensar con imágenes
Salvato in:
| Autore principale: | |
|---|---|
| Natura: | Libro |
| Lingua: | spagnolo |
| Pubblicazione: |
Barcelona
Gustavo Gili SL
2016
|
| Edizione: | 1a. ed |
| Soggetti: | |
| Tags: |
Aggiungi Tag
Nessun Tag, puoi essere il primo ad aggiungerne!!
|
MARC
| LEADER | 00000cam a2200000 a 4500 | ||
|---|---|---|---|
| 001 | UCC1634 | ||
| 003 | CL-VaPUC | ||
| 008 | 171117e20160000sp |||||||||||||||||spa|d | ||
| 020 | |a 9788425224362 | ||
| 082 | 0 | 4 | |a 302.23 |b JAR |2 21 |
| 100 | |a Jardí Soler, Enric |e autor |9 595681 | ||
| 245 | 1 | 0 | |a Pensar con imágenes |
| 250 | |a 1a. ed | ||
| 300 | |a 127 p | ||
| 942 | |c BK | ||
| 945 | |d 20171117 16:06:00 |a dcastane | ||
| 260 | |a Barcelona |b Gustavo Gili SL |c 2016 | ||
| 650 | 0 | |a Semiótica |9 265317 | |
| 650 | 0 | |a Imágenes |9 361884 | |
| 650 | 0 | |a Comunicación visual |9 265349 | |
| 583 | |a last modification |c 20171117 16:06:00 |k Rodrigo Vera | ||
| 999 | |c 370045 |d 370043 | ||
| 952 | |0 0 |1 0 |3 erb |4 0 |6 302_230000000000000_JAR_2016 |7 0 |8 A |9 486325 |a BIBCUR |b BIBCUR |i 543601K |l 1 |o 302.23 JAR 2016 |p 543601K |r 2025-04-22 |s 2022-09-26 |w 2019-11-24 |y BK |z Catalogado en:20171117 |k PER | ||